| 000 | 01739nam0a2200337 i 4500 | ||
|---|---|---|---|
| 001 | RU\NLR\BIBL_A\011010509 | ||
| 005 | 20240921203522.0 | ||
| 010 |
_a9785826514771 _9400 |
||
| 021 |
_aRU _b2016-14774 _9958 |
||
| 035 | _a(NILC)RuMoRGB-008156522 | ||
| 035 | _a(NLR Aleph) 011010509 | ||
| 090 |
_a11020488 _c11020488 |
||
| 100 | _a20160316d2015 k y0rusy50 ca | ||
| 101 | 0 | _arus | |
| 102 | _aRU | ||
| 105 | _aa|||z|||000yy | ||
| 200 | 1 |
_aПроектирование информационных систем управления документооборотом научно-образовательных учреждений _eмонография _fК.М. Краснянский, С.В. Карпушкин, А.В. Остроух [и др.] _gМ-во образования и науки Рос. Федерации, Федер. гос. бюджет. образоват. учреждение высш. проф. образования "Тамбовский гос. техн. ун-т" |
|
| 210 |
_aТамбов _cИзд-во ТГТУ _d2015 |
||
| 215 |
_a214, [1] с. _cил. _d24 |
||
| 320 | _aБиблиогр.: с. 207-214 (104 назв.) | ||
| 606 | 1 |
_aДелопроизводство _xКомпьютеризация _92081409 _3RU\NLR\AUTH\661257389 |
|
| 675 | _a004 | ||
| 686 | 1 | _aУ21(2)286в612 | |
| 701 | 1 |
_aКраснянский _bМ. Н. _gМихаил Николаевич |
|
| 701 | 1 |
_aКарпушкин _bС.В. _gСергей Викторович |
|
| 701 | 1 |
_7ca _8rus _aОстроух _bА. В. _cд-р техн. наук _gАндрей Владимирович _9148728 _3RU\NLR\AUTH\770148764 |
|
| 801 | 0 |
_aRU _bРГБ _c20160224 _gRCR |
|
| 942 | _cBOOK | ||
| 980 | _aNBR | ||